Tablice rejestracyjne - nagła śmierć - Statystyki

Ogólne statystyki
  • Ten quiz został rozwiązany 782 razy
  • Średni wynik to 6 z 20
Answers on the Grid
Answers color-coded by a green-red scale on the quiz's grid according to % correct below.
GWE
WA
BIA
RZE
ZWA
CSE
GKS
NOS
KK
PMI
CAL
LBL
EPA
GPU
SB
FSL
KTT
WBR
TOP
SBI
POE
GKO
PZE
WAR
RLK
PTC
RSZ
LWA
MO
GDY
WTT
DWA
 
Statystyki odpowiedzi
Odpowiedź % Poprawnych
WA
46%
KK
45%
BIA
43%
RZE
43%
SB
43%
KTT
37%
EPA
36%
GPU
35%
NOS
34%
SBI
33%
GWE
32%
LBL
32%
GKS
28%
TOP
27%
CAL
24%
ZWA
23%
FSL
21%
WBR
21%
CSE
16%
PMI
16%
Nie znaleziono quizów pasujących do podanych kryteriów
Rozkład punktacji
Procent ludzi z każdym wynikiem
Percentyl według liczby udzielonych odpowiedzi
Twoja historia wyników
Nie rozwiązałeś tego quizu